[Event "Tourn. n9081"]
[Site "www.chess-mail.com"]
[Date "2017.01.07"]
[Round "1"]
[White "Al3x"]
[Black "Falcoale"]
[WhiteElo "2100"]
[BlackElo "1900"]
[Result "1-0"]
[Round "1"]
1.c4 c5
2.Ng1f3 Ng8f6
3.g3 e6
4.Bf1g2 Nb8c6
5.O-O Bf8e7
6.Nb1c3 O-O
7.d3 b6
8.h3 Bc8b7
9.Bc1e3 a6
10.d4 cxd4
11.Nf3xd4 Ra8b8
12.a3 Nc6xd4
13.Be3xd4 Bb7xg2
14.Kxg2 Rb8c8
15.b3 d5
16.cxd5 Nf6xd5
17.Nc3xd5 Qd8xd5
18.Kh2 Rf8d8
19.Bd4xb6 Rd8d6
20.Qd1xd5 Rd6xd5
21.Bb6e3 Rc8c3
22.b4 h6
23.Rf1c1 Rc3xc1
24.Ra1xc1 Be7g5
25.Be3xg5 Rd5xg5
26.Rc1c8 Kh7
27.Rc8c6 a5
28.Rc6c5 e5
29.Rc5xa5 { resign }
1-0

[Event "Match"]
[Site "www.echecsemail.com"]
[Date "2017.01.07"]
[Round "1"]
[White "Fangshuo"]
[Black "Yoj"]
[WhiteElo "2040"]
[BlackElo "1909"]
[Result "0-1"]
[Round "1"]
1.e4 c6
2.c4 g5
3.d3 e5
4.Qd1h5 Bf8e7
5.Ng1f3 d6
6.Bc1xg5 Be7xg5
7.Nf3xg5 Qd8f6
8.Ng5xf7 Qf6xf7
9.Qh5xf7 Kxf7
10.Bf1e2 Ng8f6
11.O-O Rh8g8
12.Kh1 Nb8a6
13.Nb1d2 Na6c5
14.f4 exf4
15.Rf1xf4 Bc8e6
16.Ra1f1 Nc5d7
17.d4 Ke7
18.d5 cxd5
19.exd5 Be6f7
20.Rf1e1 Rg8g7
21.g4 Ra8g8
22.h4 Kd8
23.g5 Nf6h5
24.Be2xh5 Bf7xh5
25.Nd2e4 Kc7
26.Ne4f6 Nd7xf6
27.gxf6 Rg7f7
28.Re1e7 Rf7xe7
29.fxe7 Kd7
30.Rf4f8 Rg8g4
31.e8Q Bh5xe8
{ resign }
0-1

[Event "Match"]
[Site "www.echecsemail.com"]
[Date "2017.01.07"]
[Round "1"]
[White "Gambitmiau"]
[Black "Coraza"]
[WhiteElo "1860"]
[BlackElo "1790"]
[Result "1-0"]
[Round "1"]
1.e4 e5
2.d4 Qd8e7
3.d5 Ng8f6
4.Bf1d3 a5
5.Ng1f3 d6
6.Bc1g5 h6
7.Bg5e3 g5
8.O-O Bc8g4
9.h3 Bg4d7
10.c4 a4
11.a3 g4
12.hxg4 Nf6xg4
13.Nb1c3 Rh8g8
14.b3 h5
15.b4 Bf8h6
16.Be3xh6 Ng4xh6
17.b5 Bd7g4
18.Bd3e2 Bg4h3
19.Rf1e1 Rg8xg2
20.Kh1 Rg2xf2
21.Re1g1 Qe7d7
22.Nf3g5 f6
23.Be2xh5 Kd8
24.Ra1a2 Rf2f4
25.Ng5e6 Kc8
26.Ne6xf4 exf4
27.Bh5g6 Nh6g4
28.Qd1f3 Ng4e5
29.Bg6f5 Bh3xf5
30.Rg1g8 Qd7d8
31.Qf3xf4 Qd8xg8
32.Qf4xf5 Nb8d7
33.b6 cxb6
34.Nc3b5 Qg8h8
35.Ra2h2 Qh8g7
36.Rh2h7 Qg7f8
37.Qf5e6 Kd8
38.Nb5xd6 Ra8b8
39.Nd6f7 Ne5xf7
40.Rh7xf7 Qf8e8
41.Rf7h7 Qe8xe6
42.dxe6 Nd7c5
43.Rh7h8 Kc7
44.Rh8xb8 Nc5xe6
45.Rb8e8 Ne6g7
46.Re8e7 Kc6
47.Re7xg7 Kc5
48.Rg7c7 Kd4
49.Rc7xb7 Kxc4
50.Rb7xb6 Kd4
51.Rb6a6 Kxe4
52.Ra6xa4 Ke5
53.Ra4b4 f5
54.Kg2 f4
55.Kf3 { resign }
1-0

[Event "Match"]
[Site "www.echecsemail.com"]
[Date "2017.01.07"]
[Round "1"]
[White "Billyg"]
[Black "Orae"]
[WhiteElo "1740"]
[BlackElo "1710"]
[Result "0-1"]
[Round "1"]
1.e4 e5
2.Ng1f3 Nb8c6
3.d4 Ng8f6
4.Bc1g5 h6
5.Bg5h4 g5
6.Bh4g3 Nf6xe4
7.Nf3xe5 Qd8f6
8.Qd1e2 d5
9.Ne5xc6 Bf8e7
10.Nc6e5 a5
11.Nb1d2 Ne4xd2
12.O-O-O Nd2e4
13.Qe2b5 c6
14.Qb5a4 b5
15.Qa4b3 a4
16.Qb3f3 Bc8f5
17.Bf1d3 Be7d6
18.Rh1e1 Bd6b4
19.c3 Bb4a5
20.Bd3xe4 dxe4
21.Re1xe4 O-O-O
22.Ne5xc6 Qf6xc6
23.Re4e3 Qc6xf3
24.Re3xf3 Bf5e6
25.h3 Be6d5
26.Rf3f5 Bd5xg2
27.Rf5xb5 Ba5c7
28.Bg3xc7 Kxc7
29.d5 Bg2xh3
30.Rb5a5 Bh3g4
31.Rd1d4 Bg4d7
32.Ra5a6 f5
33.Rd4c4 Kb7
34.Ra6f6 f4
35.Rc4b4 Ka7
36.b3 a3
37.Rb4b6 Bd7c8
38.c4 h5
39.c5 h4
40.Rf6c6 h3
41.Rc6c7 Ka8
42.d6 h2
{ resign }
0-1

[Event "Match"]
[Site "www.echecsemail.com"]
[Date "2017.01.07"]
[Round "1"]
[White "Hundegana"]
[Black "Azorau"]
[WhiteElo "1980"]
[BlackElo "1840"]
[Result "1-0"]
[Round "1"]
1.f4 e6
2.g3 Bf8c5
3.Ng1f3 c6
4.e3 Ng8f6
5.d3 O-O
6.Bf1g2 Qd8a5
7.Bc1d2 Qa5b6
8.Qd1c1 Nf6g4
9.d4 Bc5e7
10.h3 Ng4f6
11.Nb1c3 Be7b4
12.a3 Bb4xc3
13.bxc3 Qb6a6
14.Bg2f1 b5
15.a4 Qa6b7
16.axb5 cxb5
17.Bf1g2 d5
18.g4 a5
19.O-O Qb7c7
20.Nf3e5 a4
21.Qc1a3 Bc8a6
22.Rf1c1 Nb8c6
23.Ne5d3 Nf6d7
24.Nd3b4 Nd7b6
25.Bg2f1 Nc6e7
26.Nb4xa6 Ra8xa6
27.Bf1xb5 Ra6a5
28.Bb5d3 g6
29.Rc1b1 Rf8e8
30.c4 Ra5a8
31.c5 Nb6c4
32.Bd3xc4 dxc4
33.Rb1b4 Qc7c6
34.Rb4xc4 Ne7d5
35.Rc4xa4 Ra8b8
36.Ra4a6 Qc6b7
37.c6 Qb7c8
38.Qa3c5 Nd5c7
39.Ra6a7 Rb8b5
40.Ra7xc7 Rb5xc5
41.Rc7xc8 Re8xc8
42.dxc5 Rc8xc6
43.Ra1a8 Kg7
44.Bd2c3 f6
45.Bc3d4 h5
46.g5 e5
47.gxf6 Kxf6
48.Bd4xe5 Kf5
49.Kf2 Rc6xc5
50.c3 Ke4
51.Ra8e8 Kf5
52.Kf3 h4
53.e4 { resign }
1-0

[Event "Match"]
[Site "www.echecsemail.com"]
[Date "2017.01.07"]
[Round "1"]
[White "Winston"]
[Black "Wagner"]
[WhiteElo "1319"]
[BlackElo "1840"]
[Result "1-0"]
[Round "1"]
1.e4 e5
2.Ng1f3 f6
3.d4 d6
4.dxe5 Bc8g4
5.exf6 gxf6
6.Bf1e2 Nb8c6
7.Nb1c3 Ng8e7
8.O-O h5
9.h3 Bg4xf3
10.Be2xf3 f5
11.Bf3xh5 Kd7
12.exf5 Ne7xf5
13.Qd1g4 Nc6e7
14.Bc1g5 c6
15.Bg5xe7 Bf8xe7
16.Qg4xf5 Kc7
17.Bh5g4 Rh8f8
18.Qf5e4 Qd8e8
19.Rf1e1 Rf8f7
20.Bg4h5 Qe8g8
21.Bh5xf7 Qg8xf7
22.Qe4xe7 Qf7xe7
23.Re1xe7 Kb6
24.Ra1e1 a6
25.Re7e8 { resign }
1-0

[Event "Match"]
[Site "www.echecsemail.com"]
[Date "2017.01.07"]
[Round "1"]
[White "Ozana"]
[Black "Xkafi"]
[WhiteElo "2010"]
[BlackElo "1990"]
[Result "1-0"]
[Round "1"]
1.Ng1f3 Ng8f6
2.c4 c5
3.Nb1c3 Nb8c6
4.d4 cxd4
5.Nf3xd4 e6
6.Bc1g5 Bf8b4
7.e3 h6
8.Bg5h4 Nf6e4
9.Bh4xd8 { resign }
1-0

[Event "Match"]
[Site "www.echecsemail.com"]
[Date "2017.01.07"]
[Round "1"]
[White "Llord"]
[Black "Coraza8091"]
[WhiteElo "1860"]
[BlackElo "1520"]
[Result "1-0"]
[Round "1"]
1.e4 e5
2.Ng1f3 Nb8c6
3.Bf1c4 h6
4.d3 Ng8f6
5.O-O Bf8c5
6.Nb1c3 d6
7.Nc3d5 O-O
8.Nd5xf6 Qd8xf6
9.a3 Bc8g4
10.b4 Bc5d4
11.Ra1b1 a6
12.Bc1e3 Bg4xf3
13.Qd1xf3 Qf6xf3
14.gxf3 b5
15.Bc4d5 Bd4xe3
16.fxe3 Ra8b8
17.Bd5xc6 g5
18.f4 g4
19.fxe5 dxe5
20.d4 exd4
21.exd4 Rb8d8
22.c3 Rd8d6
23.Bc6d5 c6
24.Bd5b3 Rd6g6
25.Rf1f4 g3
26.Rb1f1 gxh2
27.Kxh2 Kg7
28.Rf4xf7 Rf8xf7
29.Rf1xf7 Kh8
30.Bb3c2 Rg6g5
31.Rf7f5 Rg5g4
32.e5 Rg4h4
33.Kg3 Rh4h1
34.e6 Rh1e1
35.Rf5e5 Re1g1
36.Kh2 Rg1g8
37.e7 Kg7
38.e8Q Rg8xe8
39.Re5xe8 { resign }
1-0

[Event "1/64 Finale"]
[Site "www.chess-mail.com"]
[Date "2017.01.07"]
[Round "1"]
[White "Guidom"]
[Black "Al3x"]
[WhiteElo "2170"]
[BlackElo "2110"]
[Result "1/2-1/2"]
[Round "1"]
1.e4 e5
2.Ng1f3 Nb8c6
3.Bf1b5 Ng8f6
4.O-O Nf6xe4
5.Rf1e1 Ne4d6
6.Nf3xe5 Nc6xe5
7.Re1xe5 Bf8e7
8.Bb5d3 O-O
9.Nb1c3 c6
10.Re5e3 Nd6e8
11.Qd1e2 Be7g5
12.Re3h3 Ne8f6
13.Nc3e4 Nf6xe4
14.Qe2xe4 g6
15.f4 d5
16.Qe4e3 Bc8xh3
17.fxg5 Bh3e6
18.Qe3g3 Qd8d7
19.b3 Be6f5
20.Bc1b2 Bf5xd3
21.Qg3xd3 Rf8e8
22.Qd3d4 Kf8
23.Bb2a3 Kg8
24.Ba3b2 Kf8
25.Qd4h8 Ke7
26.Qh8f6 Kf8
27.Ra1f1 Qd7e6
28.Qf6g7 Ke7
29.Bb2a3 Kd8
30.Rf1xf7 Qe6e1
31.Rf7f1 Qe1xd2
32.Ba3d6 Re8e1
33.Qg7c7 Ke8
34.Qc7f7 Kd8
35.Qf7c7 { draw }
1/2-1/2

[Event "Tourn. n9055"]
[Site "www.chess-mail.com"]
[Date "2017.01.08"]
[Round "1"]
[White "Loper10"]
[Black "Papaours"]
[WhiteElo "2680"]
[BlackElo "2320"]
[Result "1-0"]
[Round "1"]
1.e4 c5
2.d4 cxd4
3.c3 Ng8f6
4.e5 Nf6d5
5.Ng1f3 Nb8c6
6.cxd4 d6
7.Bf1c4 Nd5b6
8.Bc4b3 dxe5
9.d5 Nc6a5
10.Nb1c3 Na5xb3
11.Qd1xb3 e6
12.Nf3xe5 Nb6xd5
13.Qb3b5 Bc8d7
14.Qb5xb7 Bf8b4
15.Ne5xd7 Qd8c8
16.Nd7c5 Qc8xb7
17.Nc5xb7 Ra8b8
18.Ke2 Bb4xc3
19.bxc3 Rb8xb7
20.c4 Nd5b6
21.Bc1e3 Rb7c7
22.Rh1b1 O-O
23.Be3xb6 axb6
24.Rb1xb6 Rc7xc4
25.a4 g6
26.a5 Rf8a8
27.a6 Kg7
28.Rb6b7 Rc4c8
29.a7 h5
30.Ra1a4 Rc8f8
31.Ra4b4 Kg8
32.Rb4b6 Rf8c8
33.Rb7b8 { resign }
1-0

[Event "Tourn. n9148"]
[Site "www.chess-mail.com"]
[Date "2017.01.08"]
[Round "1"]
[White "Actmy"]
[Black "Picifarkinca"]
[WhiteElo "1809"]
[BlackElo "1630"]
[Result "1-0"]
[Round "1"]
1.e4 e5
2.Nb1c3 Ng8f6
3.f4 d5
4.fxe5 Nf6xe4
5.Qd1f3 Ne4xc3
6.bxc3 c6
7.d4 Bf8e7
8.Bf1d3 Qd8a5
9.Bc1d2 Bc8e6
10.Ng1e2 Nb8d7
11.O-O O-O-O
12.Ne2f4 Rd8f8
13.Nf4xe6 fxe6
14.Qf3h3 Rf8xf1
15.Ra1xf1 Nd7f8
16.Rf1f7 Qa5d8
17.Rf7xg7 Kb8
18.Qh3h5 Be7a3
19.Qh5f7 Qd8c8
20.Bd3a6 { resign }
1-0

[Event "Tourn. n9148"]
[Site "www.chess-mail.com"]
[Date "2017.01.08"]
[Round "1"]
[White "Picifarkinca"]
[Black "Nulladies"]
[WhiteElo "1630"]
[BlackElo "1790"]
[Result "1-0"]
[Round "1"]
1.e4 c5
2.a3 g6
3.d4 cxd4
4.Qd1xd4 Ng8f6
5.Bc1g5 Bf8g7
6.e5 Nb8c6
7.exf6 Nc6xd4
8.fxg7 Rh8g8
9.Bf1d3 h6
10.Bg5f4 b6
11.Bf4xh6 Bc8b7
12.f3 Qd8c7
13.Nb1c3 Bb7a6
14.O-O-O Ba6b7
15.Bd3xg6 fxg6
16.Rd1xd4 e5
17.Rd4d1 O-O-O
18.Nc3b5 Qc7c6
19.Nb5xa7 { resign }
1-0

[Event "Tourn. n9079"]
[Site "www.chess-mail.com"]
[Date "2017.01.08"]
[Round "1"]
[White "Mitja"]
[Black "Osopanda"]
[WhiteElo "2000"]
[BlackElo "2050"]
[Result "0-1"]
[Round "1"]
1.d4 d5
2.e3 c5
3.dxc5 e5
4.c3 Nb8c6
5.b3 Bf8xc5
6.Bc1b2 Ng8f6
7.Ng1e2 O-O
8.h3 Bc8f5
9.Ne2g3 Bf5g6
10.Nb1a3 Qd8d6
11.Bf1e2 Ra8d8
12.b4 Bc5b6
13.O-O e4
14.Na3c2 Nc6e5
15.a3 Rd8c8
16.Nc2d4 Ne5c4
17.Be2xc4 Rc8xc4
18.Ra1c1 Rf8c8
19.Qd1d2 a6
20.Rf1d1 Nf6d7
21.Ng3e2 Nd7e5
22.Rc1b1 Ne5d3
23.Ne2c1 Nd3xb2
24.Rb1xb2 Rc4xc3
25.Rb2c2 Bb6xd4
26.Rc2xc3 Bd4xc3
27.Qd2xd5 Qd6xd5
28.Rd1xd5 f6
29.Nc1e2 Bc3b2
30.a4 Bg6f7
31.Rd5d7 Bf7c4
32.Ne2d4 Bb2xd4
33.Rd7xd4 Bc4d3
34.a5 Rc8c4
35.Rd4xc4 Bd3xc4
36.f4 Kf7
37.Kf2 Bc4d3
38.g4 Ke6
39.Ke1 Kd5
40.Kd2 Kc4
41.h4 Kxb4
42.g5 Kxa5
{ resign }
0-1

[Event "Tourn. n9159"]
[Site "www.chess-mail.com"]
[Date "2017.01.08"]
[Round "1"]
[White "Nulladies"]
[Black "Yoj"]
[WhiteElo "1760"]
[BlackElo "1749"]
[Result "1-0"]
[Round "1"]
1.d4 e6
2.Bc1f4 Nb8c6
3.Ng1f3 d6
4.e3 g6
5.Bf1e2 b6
6.Nb1d2 Bf8e7
7.c3 Bc8b7
8.e4 f6
9.e5 fxe5
10.dxe5 d5
11.O-O Be7c5
12.Nd2b3 Bc5e7
13.Nb3d4 Nc6xd4
14.Nf3xd4 Qd8d7
15.Be2g4 Qd7a4
16.Qd1xa4 Kd8
17.Bg4xe6 c6
18.Nd4xc6 Kc7
19.Be6xd5 { resign }
1-0

[Event "Tourn. n9078"]
[Site "www.chess-mail.com"]
[Date "2017.01.08"]
[Round "1"]
[White "Crull"]
[Black "Falcoale"]
[WhiteElo "1790"]
[BlackElo "1860"]
[Result "0-1"]
[Round "1"]
1.d4 Ng8f6
2.c4 b6
3.Ng1f3 Bc8b7
4.Nb1d2 e6
5.e3 Bf8e7
6.Bf1d3 O-O
7.O-O Nb8c6
8.Nd2b3 Nc6b4
9.Bd3e2 d5
10.Nb3d2 c5
11.a3 Nb4c6
12.Qd1c2 Nf6d7
13.e4 dxe4
14.Nd2xe4 cxd4
15.Bc1g5 f6
16.Bg5h4 Nc6e5
17.Nf3xd4 Ra8c8
18.Nd4xe6 Qd8e8
19.Qc2d3 Rf8f7
20.Be2h5 Ne5xd3
21.Bh4g3 g6
22.Bh5e2 Nd3xb2
23.Ra1c1 Bb7xe4
24.f3 Be4d3
25.Be2xd3 Nb2xd3
26.Rc1c3 Nd3c5
27.Ne6f4 Nd7e5
28.Nf4d5 Nc5a4
29.Rc3c2 Rc8xc4
30.Rc2e2 Na4c3
31.Nd5xe7 Rf7xe7
32.Re2c2 Qe8c6
33.Rf1f2 Ne5d3
34.Rf2f1 Re7e2
{ resign }
0-1

[Event "Tourn. n9153"]
[Site "www.chess-mail.com"]
[Date "2017.01.08"]
[Round "1"]
[White "Nulladies"]
[Black "Picifarkinca"]
[WhiteElo "1790"]
[BlackElo "1630"]
[Result "0-1"]
[Round "1"]
1.d4 d5
2.Bc1f4 e6
3.Ng1f3 Bf8d6
4.Nf3e5 f6
5.Ne5d3 Bd6xf4
6.Nd3xf4 Qd8d6
7.e3 Ng8e7
8.Bf1d3 Bc8d7
9.Qd1h5 Kf8
10.Nb1d2 Bd7e8
11.Qh5f3 Be8g6
12.Nf4xg6 hxg6
13.c4 Nb8d7
14.O-O Qd6xh2
{ resign }
0-1

[Event "Tourn. n9109"]
[Site "www.chess-mail.com"]
[Date "2017.01.08"]
[Round "1"]
[White "Madz123456"]
[Black "Bjonil60"]
[WhiteElo "1510"]
[BlackElo "1430"]
[Result "1-0"]
[Round "1"]
1.e4 Nb8c6
2.d4 e6
3.Ng1f3 Qd8e7
4.Bf1d3 h6
5.O-O g6
6.Nb1c3 a6
7.d5 Nc6a7
8.e5 d6
9.Bc1f4 g5
10.Bf4g3 dxe5
11.Nf3xe5 Bf8g7
12.Rf1e1 Bg7xe5
13.Bg3xe5 Ng8f6
14.Qd1f3 O-O
15.Be5xf6 Qe7e8
16.Qf3e4 c6
17.Qe4h7 
1-0

[Event "Tourn. n9076"]
[Site "www.chess-mail.com"]
[Date "2017.01.08"]
[Round "1"]
[White "Julian"]
[Black "Leochessnut"]
[WhiteElo "1870"]
[BlackElo "1870"]
[Result "0-1"]
[Round "1"]
1.e4 e5
2.Ng1f3 Nb8c6
3.d4 exd4
4.Nf3xd4 Bf8c5
5.Nd4b3 Bc5b6
6.Bf1b5 Qd8h4
7.O-O Ng8f6
8.Nb1c3 Nf6g4
9.h3 Ng4xf2
10.Rf1xf2 Bb6xf2
11.Kh1 O-O
12.Qd1g4 Qh4xg4
13.hxg4 d6
14.Nc3d5 Bc8xg4
15.Bc1f4 Nc6e5
16.Bf4xe5 dxe5
17.Nd5xc7 Ra8c8
18.Nc7d5 Rc8xc2
19.Nd5e7 Kh8
20.Ra1b1 Rf8d8
21.Ne7d5 Rd8d6
{ resign }
0-1

[Event "Tourn. n9114"]
[Site "www.chess-mail.com"]
[Date "2017.01.08"]
[Round "1"]
[White "Nulladies"]
[Black "Genius3"]
[WhiteElo "1850"]
[BlackElo "1860"]
[Result "0-1"]
[Round "1"]
1.d4 d5
2.Bc1f4 Ng8f6
3.Ng1f3 c6
4.e3 Bc8f5
5.Nf3e5 e6
6.Nb1d2 Bf8e7
7.c4 O-O
8.c5 Nb8d7
9.Nd2f3 Nf6e4
10.Nf3d2 Nd7xe5
11.dxe5 Ne4xd2
12.Qd1xd2 Be7xc5
13.b4 Bc5e7
14.a3 c5
15.Qd2b2 c4
16.Bf1e2 a5
17.O-O axb4
18.axb4 Qd8c7
19.Qb2c3 b5
20.Ra1xa8 Rf8xa8
21.g4 Bf5g6
22.g5 Ra8a4
{ resign }
0-1

[Event "Tourn. n9070"]
[Site "www.chess-mail.com"]
[Date "2017.01.08"]
[Round "1"]
[White "Falcoale"]
[Black "Julian"]
[WhiteElo "1850"]
[BlackElo "1870"]
[Result "0-1"]
[Round "1"]
1.e4 c5
2.Ng1f3 Nb8c6
3.Bf1c4 e6
4.O-O d6
5.d4 cxd4
6.Nf3xd4 Ng8e7
7.c3 g6
8.Bc1g5 Bf8g7
9.f4 O-O
10.f5 exf5
11.exf5 Nc6xd4
12.cxd4 Bc8xf5
13.Bc4d5 h6
14.Bg5h4 g5
15.Bh4g3 Bf5xb1
16.Bd5xb7 Ra8b8
17.Ra1xb1 Ne7g6
18.Bb7f3 f5
19.Bf3e2 f4
20.Bg3e1 Qd8b6
21.Be1f2 d5
22.b3 Rb8c8
23.Be2g4 Rc8e8
24.Rb1c1 Re8e4
25.Bg4e6 Qb6xe6
26.Rf1e1 Re4xe1
27.Bf2xe1 Ng6e7
28.Be1c3 Ne7f5
29.Rc1c2 Nf5e3
30.Qd1e1 Qe6e4
31.Rc2e2 Rf8c8
32.Re2xe3 Qe4xe3
{ resign }
0-1

[Event "Match"]
[Site "www.echecsemail.com"]
[Date "2017.01.08"]
[Round "1"]
[White "Pinehill"]
[Black "Yoj"]
[WhiteElo "2040"]
[BlackElo "1809"]
[Result "1-0"]
[Round "1"]
1.e4 g6
2.d4 Bf8g7
3.Ng1f3 d6
4.Bf1c4 c6
5.O-O e6
6.c3 Bc8d7
7.Bc1e3 d5
8.exd5 cxd5
9.Bc4b3 Ng8e7
10.Qd1e2 a6
11.Nb1d2 Bd7b5
12.c4 dxc4
13.Bb3xc4 Bb5xc4
14.Qe2xc4 b5
15.Qc4c5 Nb8d7
16.Qc5g5 Ne7d5
17.Ra1c1 Nd7f6
18.Nf3e5 Nd5xe3
19.fxe3 h6
20.Qg5h4 g5
21.Qh4f2 O-O
22.h4 Ra8c8
23.hxg5 Rc8xc1
24.Rf1xc1 hxg5
25.Qf2g3 Nf6d5
26.Nd2e4 f6
27.Ne5d3 f5
28.Ne4xg5 Nd5xe3
29.Ng5xe6 f4
30.Qg3xg7 { resign }
1-0

[Event "Match"]
[Site "www.echecsemail.com"]
[Date "2017.01.08"]
[Round "1"]
[White "Darknight"]
[Black "Pinehill"]
[WhiteElo "1790"]
[BlackElo "2050"]
[Result "0-1"]
[Round "1"]
1.e4 d5
2.e5 c5
3.c4 d4
4.d3 Nb8c6
5.Bc1f4 e6
6.Ng1f3 Ng8e7
7.g4 Ne7g6
8.Bf4g3 Bf8e7
9.a3 O-O
10.h4 f5
11.g5 Qd8c7
12.Qd1e2 f4
13.h5 fxg3
14.hxg6 gxf2
15.Kd1 hxg6
16.Nb1d2 Rf8f5
17.Nd2e4 Nc6xe5
18.Bf1g2 Ne5g4
19.Nf3h4 Ng4e3
20.Kc1 Rf5xg5
21.Ne4xg5 Be7xg5
22.Nh4f3 Bg5h6
23.Kb1 Ne3xg2
24.Qe2xf2 Ng2e3
25.Ka2 Bc8d7
26.Ra1g1 Ra8f8
27.Qf2h4 Rf8xf3
28.Rg1xg6 Ne3f5
29.Qh4f6 Rf3xd3
30.Rh1xh6 Bd7c8
31.Rh6h2 Qc7xh2
32.Qf6d8 Kf7
33.Rg6g4 Nf5e7
34.Rg4xg7 Kxg7
35.Qd8xe7 Kg6
36.Qe7e8 Kf5
37.Qe8xc8 b6
38.Qc8f8 Ke4
39.Qf8f1 Rd3d2
40.Qf1b1 Ke3
41.Qb1c1 e5
42.Qc1e1 Kf4
43.Qe1f1 Ke4
44.Qf1b1 d3
45.Qb1e1 Kd4
46.Qe1a1 Rd2xb2
47.Qa1xb2 Qh2xb2
48.Kxb2 e4
49.Kc1 Kxc4
50.Kd2 Kb3
51.Ke3 Kc2
52.a4 d2
53.Kxe4 d1Q
54.Ke5 Qd1d4
55.Ke6 { time. }
0-1

[Event "Match"]
[Site "www.echecsemail.com"]
[Date "2017.01.08"]
[Round "1"]
[White "Bojan"]
[Black "Mitja"]
[WhiteElo "2030"]
[BlackElo "2070"]
[Result "0-1"]
[Round "1"]
1.e4 d5
2.exd5 Qd8xd5
3.Nb1c3 Qd5d8
4.h3 e6
5.d3 c6
6.Bf1e2 h6
7.Ng1f3 Ng8e7
8.Bc1e3 Ne7g6
9.Nf3h2 Bf8d6
10.Nc3e4 Qd8c7
11.Ne4xd6 Qc7xd6
12.Qd1d2 b6
13.Qd2c3 O-O
14.Nh2g4 Bc8b7
15.Rh1h2 f5
16.Ng4xh6 gxh6
17.Be3xh6 Rf8f7
18.g3 Rf7h7
19.Bh6g5 Qd6e5
20.Qc3b3 Kf7
21.f4 Qe5d4
22.Kd2 c5
23.c3 Qd4d6
24.Ra1e1 Bb7d5
25.c4 Bd5c6
26.Be2f1 Nb8d7
27.Rh2e2 Ra8e8
28.Re2f2 Qd6d4
29.Re1e3 Qd4d6
30.Qb3d1 Qd6d4
31.Qd1c2 a6
32.g4 b5
33.b3 Bc6e4
34.cxb5 axb5
35.Ke2 Be4c6
36.Rf2h2 fxg4
37.h4 Kg7
38.f5 Ng6f4
39.Bg5xf4 Qd4xf4
40.fxe6 Qf4xh2
41.Kd1 Qh2xc2
42.Kxc2 Nd7f6
43.Re3e5 Nf6d5
44.Re5g5 Kf6
45.Kd2 Rh7xh4
{ resign }
0-1

[Event "Match"]
[Site "www.echecsemail.com"]
[Date "2017.01.08"]
[Round "1"]
[White "Balbyns"]
[Black "Pdebonis"]
[WhiteElo "1759"]
[BlackElo "1499"]
[Result "0-1"]
[Round "1"]
1.e4 c5
2.Ng1f3 d6
3.c3 Ng8f6
4.d3 Nb8c6
5.Bc1e3 e5
6.d4 cxd4
7.cxd4 Nf6xe4
8.dxe5 Bc8f5
9.exd6 Bf8xd6
10.a3 O-O
11.Qd1d5 Bd6b4
{ resign }
0-1

[Event "Match"]
[Site "www.echecsemail.com"]
[Date "2017.01.08"]
[Round "1"]
[White "Mitja"]
[Black "Bojan"]
[WhiteElo "2050"]
[BlackElo "2080"]
[Result "0-1"]
[Round "1"]
1.d4 d5
2.e3 b6
3.c3 e6
4.Nb1d2 a6
5.Nd2f3 Nb8d7
6.Bf1d3 c5
7.dxc5 Nd7xc5
8.Bd3c2 h6
9.Ng1e2 Bc8b7
10.Ne2g3 Ng8f6
11.O-O Qd8c7
12.b4 Nc5e4
13.Bc2a4 b5
14.Ba4b3 Ne4xg3
15.hxg3 Bf8d6
16.Bc1b2 Nf6e4
17.Ra1c1 f6
18.Nf3d4 Qc7f7
19.Bb3c2 Ne4g5
20.Nd4f3 a5
21.Nf3h4 f5
22.g4 g6
23.Qd1d4 Kd7
24.f4 Ng5e4
25.Bc2xe4 dxe4
26.Rf1d1 Bb7d5
27.gxf5 gxf5
28.c4 bxc4
29.Rc1xc4 axb4
30.Rc4c2 Rh8g8
31.Kh2 Qf7h5
32.g3 Ra8xa2
33.Rc2d2 Ra2a6
34.Rd1g1 Qh5e8
35.Rg1a1 Qe8a8
36.Ra1xa6 Qa8xa6
37.Nh4xf5 Bd6c7
38.Nf5xh6 Rg8e8
39.Qd4xb4 Re8b8
40.Qb4d4 Kc6
41.Rd2c2 Kb7
42.Qd4g7 Bd5c4
43.Bb2e5 Rb8c8
44.Rc2b2 Kc6
45.g4 Qa6a3
46.Be5xc7 Rc8xc7
47.Qg7d4 Bc4d5
48.Rb2b6 Kd7
49.Qd4g7 Kc8
50.Nh6f7 Rc7c2
51.Kh3 Qa3xe3
52.Kh4 Qe3xb6
{ resign }
0-1

[Event "Match"]
[Site "www.echecsemail.com"]
[Date "2017.01.08"]
[Round "1"]
[White "Billyg"]
[Black "Winston"]
[WhiteElo "1680"]
[BlackElo "1480"]
[Result "0-1"]
[Round "1"]
1.e4 e6
2.d4 d5
3.Qd1e2 c5
4.Ng1f3 Nb8c6
5.Qe2d3 c4
6.Qd3c3 Bf8b4
7.Qc3xb4 Nc6xb4
8.Nb1a3 Qd8a5
9.Bc1d2 Ng8e7
10.O-O-O Nb4xa2
11.Kb1 Na2b4
12.Nf3e5 O-O
13.c3 Nb4c6
14.Ne5xc6 Ne7xc6
15.exd5 exd5
16.g3 Bc8f5
17.Ka2 Rf8e8
18.Bf1g2 Re8e7
19.b4 cxb3
20.Kb2 Bf5e4
21.Bg2xe4 Re7xe4
22.c4 Re4e2
{ resign }
0-1

[Event "Match"]
[Site "www.echecsemail.com"]
[Date "2017.01.08"]
[Round "1"]
[White "Aiko1603"]
[Black "Osmundw"]
[WhiteElo "1499"]
[BlackElo "1430"]
[Result "1-0"]
[Round "1"]
1.c4 b6
2.Nb1c3 Bc8b7
3.d4 Nb8c6
4.Ng1f3 Ng8f6
5.g3 d6
6.Bf1g2 e5
7.d5 Nc6b4
8.Qd1a4 b5
9.Qa4xb4 Nf6xd5
10.cxd5 Bb7xd5
11.Qb4xb5 Qd8d7
12.Qb5xd5 g6
13.Qd5xa8 Ke7
14.Nc3d5 Ke6
15.Bg2h3 { resign }
1-0

[Event "Match"]
[Site "www.echecsemail.com"]
[Date "2017.01.08"]
[Round "1"]
[White "Bojan"]
[Black "Yoj"]
[WhiteElo "2080"]
[BlackElo "1749"]
[Result "1-0"]
[Round "1"]
1.e4 a6
2.d4 c5
3.d5 e6
4.c4 exd5
5.cxd5 Ng8f6
6.e5 Nf6e4
7.Nb1c3 Ne4xf2
8.Kxf2 Qd8h4
9.g3 Qh4b4
10.Qd1e2 Bf8e7
11.d6 Be7h4
12.gxh4 Qb4xh4
13.Kf3 b5
14.Qe2e4 Qh4xe4
15.Nc3xe4 Bc8b7
16.Bf1g2 O-O
17.b3 Nb8c6
18.Bc1f4 Nc6d4
19.Kg3 Nd4f5
20.Kg4 h5
21.Kxf5 g6
22.Kg5 Kg7
23.Kh4 f5
24.Ra1e1 Bb7xe4
25.Ng1f3 Ra8c8
26.Re1c1 a5
27.Rh1g1 c4
28.Kg3 c3
29.Bg2f1 b4
30.Bf1c4 Rc8c5
31.Kf2 Be4c6
32.Nf3h4 Rf8e8
33.Nh4xf5 Kh7
34.Nf5e7 Re8f8
35.Ke3 Rc5xe5
36.Bf4xe5 Rf8f3
37.Kd4 Rf3f2
38.Rg1xg6 c2
39.Bc4g8 { resign }
1-0

[Event "Match"]
[Site "www.echecsemail.com"]
[Date "2017.01.08"]
[Round "1"]
[White "B0zata"]
[Black "Yoj"]
[WhiteElo "2170"]
[BlackElo "1749"]
[Result "1-0"]
[Round "1"]
1.e4 Ng8f6
2.Nb1c3 Nb8c6
3.d4 d5
4.e5 Nf6e4
5.Nc3xe4 dxe4
6.Bf1b5 Qd8d5
7.c4 Qd5e6
8.d5 Qe6xe5
9.dxc6 b6
10.Qd1d5 Qe5f6
11.Qd5xe4 Bc8f5
12.Qe4f4 e5
13.Qf4g5 Bf8b4
14.Kf1 Qf6d6
15.Bc1e3 Bf5d3
16.Ng1e2 Ra8d8
17.a3 Bd3xe2
18.Kxe2 e4
19.Rh1d1 Qd6e7
20.Rd1xd8 Qe7xd8
21.Qg5xd8 Kxd8
22.axb4 h6
23.Ra1xa7 Ke7
24.Ra7xc7 Kf6
25.Be3xb6 g5
26.Bb6d4 { resign }
1-0

[Event "Match"]
[Site "www.echecsemail.com"]
[Date "2017.01.08"]
[Round "1"]
[White "Juodivarnai"]
[Black "Pare123"]
[WhiteElo "2110"]
[BlackElo "2080"]
[Result "1-0"]
[Round "1"]
1.e4 g6
2.d4 Bf8g7
3.Bc1e3 Nb8c6
4.Ng1f3 d6
5.Qd1d2 Ng8f6
6.Nb1c3 Nf6g4
7.Be3g5 f6
8.Bg5h4 g5
9.Bh4g3 Bc8d7
10.O-O-O a6
11.h3 Ng4h6
12.Kb1 f5
13.Nf3xg5 fxe4
14.Ng5xe4 Nc6xd4
15.Bf1c4 Nh6f5
16.Ne4g5 e6
17.Rh1e1 e5
18.Ng5f7 Qd8f6
19.Nc3d5 Qf6g6
20.Nf7xh8 O-O-O
21.Nh8xg6 { resign }
1-0

[Event "Match"]
[Site "www.echecsemail.com"]
[Date "2017.01.08"]
[Round "1"]
[White "Luzhin"]
[Black "Yoj"]
[WhiteElo "2150"]
[BlackElo "1809"]
[Result "1-0"]
[Round "1"]
1.e4 g5
2.d4 e6
3.h4 Bf8e7
4.hxg5 Be7xg5
5.Bc1xg5 Qd8xg5
6.Nb1c3 Ng8f6
7.e5 Nf6g4
8.Nc3e4 Qg5f4
9.Qd1xg4 Qf4f5
10.Qg4h4 b6
11.Ne4f6 Kf8
12.Bf1d3 Qf5xd3
13.Qh4h6 Ke7
14.cxd3 { resign }
1-0

[Event "1/8 Finale"]
[Site "www.chess-mail.com"]
[Date "2017.01.08"]
[Round "1"]
[White "Jose"]
[Black "Szustan"]
[WhiteElo "2760"]
[BlackElo "2640"]
[Result "1-0"]
[Round "1"]
1.c4 e5
2.g3 d5
3.cxd5 Qd8xd5
4.Ng1f3 Ng8f6
5.Nb1c3 Qd5a5
6.Bf1g2 Bf8b4
7.O-O Nb8c6
8.d3 O-O
9.Bc1d2 Bc8e6
10.a3 Bb4xc3
11.Bd2xc3 Qa5b5
12.a4 Qb5c5
13.Nf3xe5 Nc6xe5
14.d4 Qc5c4
15.dxe5 Ra8d8
16.Bc3d2 Nf6g4
17.Ra1c1 Qc4a6
18.Qd1c2 Ng4xe5
19.Bd2c3 Ne5d7
20.Rf1d1 c6
21.b4 Rf8e8
22.Bc3d4 Nd7f6
23.e3 Nf6d5
24.Bg2f1 Nd5xb4
25.Qc2c5 Qa6b6
26.Qc5e5 Rd8xd4
27.Rd1xd4 Nb4d5
28.Rd4d1 Be6d7
29.Qe5d4 Qb6xd4
30.Rd1xd4 Bd7e6
31.a5 a6
32.Bf1c4 g6
33.e4 Nd5f6
34.Bc4xe6 Re8xe6
35.Rd4b4 Re6e7
36.Rc1b1 Re7e5
37.Rb4xb7 Re5xa5
38.Rb7e7 Ra5b5
39.Rb1xb5 axb5
40.f3 Kg7
41.Re7c7 b4
42.Rc7xc6 Nf6d7
43.Rc6c7 Nd7e5
44.Rc7b7 Ne5xf3
45.Kg2 Nf3e5
46.Rb7xb4 h5
47.h3 f6
48.Rb4b7 Kh6
49.Kf2 g5
50.Rb7b5 Ne5c4
51.Rb5b4 Nc4e5
52.Ke3 Kg7
53.Rb4b7 Kg6
54.Rb7e7 Ne5c4
55.Kd3 Nc4b2
56.Kd2 Nb2c4
57.Ke2 Nc4d6
58.Kd3 { resign }
1-0

[Event "1/128 Finale"]
[Site "www.chess-mail.com"]
[Date "2017.01.08"]
[Round "1"]
[White "Paulsyd"]
[Black "Yoj"]
[WhiteElo "1099"]
[BlackElo "1749"]
[Result "1-0"]
[Round "1"]
1.e4 c5
2.Ng1f3 Nb8c6
3.d4 Ng8f6
4.d5 Nc6a5
5.Nb1c3 a6
6.e5 Nf6g4
7.h3 Ng4h6
8.Bf1d3 g6
9.d6 exd6
10.Nc3d5 dxe5
11.Bc1g5 Bf8d6
12.Bg5xd8 Kxd8
13.Qd1d2 Na5c6
14.Qd2xh6 Bd6f8
15.Qh6g5 Nc6e7
16.Qg5f6 Rh8g8
17.Qf6b6 Ke8
18.Nd5f6 
1-0